Competencies of managers in personnel audit

Kompetencie HR manažeróv v príprave, výkone, a implementácii výsledkov personálneho auditu firmy.

Salvato in:
Dettagli Bibliografici
Autore principale: Andrejčák, Martin
Natura: Capitolo di libro
Lingua:inglese
Soggetti:
Tags: Aggiungi Tag
Nessun Tag, puoi essere il primo ad aggiungerne!!

MARC

LEADER 00000naa$a2200000$$$4500
001 0197155
005 20240502073328.3
041 0 |a eng 
044 |a SK 
245 1 0 |a Competencies of managers in personnel audit  |c Martin Andrejčák 
520 |a Kompetencie HR manažeróv v príprave, výkone, a implementácii výsledkov personálneho auditu firmy. 
610 2 0 |a audit personálny 
610 2 0 |a manažment personálny 
610 2 0 |a zdroje ľudské 
610 2 0 |a kompetencie manažérske 
610 2 0 |a riadenie podľa kompetencií 
100 1 |a Andrejčák, Martin